000
00267nam a2200097Ia 4500
008
240331s9999 xx 000 0 und d
082
_b
THI
100
_a
Thiruchandran, S
245
4
_a
The politics of gender and women's agency in post-colonial Sri Lanka :
_b
-
942
_c
L
999
_c
1708
_d
1708